00527 2200193 4500001002100000005001500021035002000036008004100056245008600097100001900183260003900202300001200241084001400253082000800267650001200275020002200287250000600309990001800315INLIS00000000000035920240813102835 a0010-0724000359240813 0 ind 1 aEnsiklopedia Sejarah Dan Budaya Inilah Dunia Tumbuhan dan Hewan! /cLengoes Ginto aSmith, Miranda aJakarta :bPT Lentera Abadi,c2009 a191 hlm a030 MIR e a030 4aSejarah a978-979-19692-6-0 a2 aP29/CP/24/359